| 000 | 00376nam a22001577a 4500 | ||
|---|---|---|---|
| 999 |
_c15519 _d15519 |
||
| 003 | OSt | ||
| 008 | 180831b ||||| |||| 00| 0 eng d | ||
| 020 | _a8122406823 | ||
| 082 |
_a604.2 _bVEN/EN |
||
| 100 |
_aVenugopal, K _93293 |
||
| 245 | _aEngineering drawing and graphics | ||
| 250 | _a2 | ||
| 260 |
_aNew Delhi _bNew age international _c1996 |
||
| 300 | _a54 | ||
| 942 | _cBK | ||